000 00517nam a22001697a 4500
005 20251108164954.0
008 250721s2008 xx 000 0 ara d
082 1 4 _a615.882/زوا
100 1 _aزوانة، زيد
_eمؤلف
245 1 0 _aالعلاج بالاعشاب الروحية كيف تعالج نفسك من خيرات بيتك /
264 1 _aعمان :
_bالمؤلف،
_c2008.
300 _a94ص.
650 1 7 _aالطب الشعبي
650 1 7 _aالاعشاب
942 _2ddc
_cBK
999 _c18772
_d18772